| LEADER |
01262nam0a2200229 450 |
| 001 |
16826670 |
| 010 |
|
|
|a 979-10-327-0052-5
|d 6,6
|
| 100 |
|
|
|a 20170120d2017 u u0frey01 ba
|
| 101 |
0 |
|
|a fre
|
| 102 |
|
|
|a FR
|
| 200 |
0 |
|
|a My hero academia
|
| 207 |
|
1 |
|a
|
| 210 |
|
|
|a Paris
|c Ki-oon
|d 2017
|
| 225 |
1 |
|
|a Shonen
|
| 330 |
|
|
|a Et c'est parti pour la troisième épreuve du championnat ! Les 16 élèves encore en lice vont s'affronter lors d'un tournoi sans merci' Confronté à un alter de contrôle mental, Deku parvient à gagner son premier duel en activant le One for All dans deux de ses doigts avant d'envoyer son adversaire hors du ring ! Mais le prochain match s'annonce ardu, car son opposant n'est autre que Shoto, et le jeune garçon est bien décidé à l'emporter. De son côté, Ochaco s'apprête à se mesurer à Katsuki' Le combat promet d'être explosif ! Après les ninjas et les pirates, découvrez les nouveaux super-héros du Shonen Jump !
|
| 461 |
|
0 |
|t My hero academia
|v 7
|
| 608 |
|
|
|a JnBDessi
|
| 700 |
|
0 |
|a Horikoshi
|b Kohei
|4 70
|
| 702 |
|
0 |
|a Le Quéré
|b David
|4 70
|
| 900 |
|
|
|a Bande Dessinée enfant ado
|
| 901 |
|
|
|a Accessible au prêt
|
| 995 |
|
|
|a Bibliothèque
|c Bibliothèque
|f 024017722
|h 024017722
|k BD HOR
|o p
|q j
|r az
|e Bibliothèque
|